MARC details
| 000 -LEADER |
| fixed length control field |
05067nam a2200541 a 4500 |
| 001 - CONTROL NUMBER |
| control field |
000216968 |
| 003 - CONTROL NUMBER IDENTIFIER |
| control field |
AM-YeHGA |
| 005 - DATE AND TIME OF LATEST TRANSACTION |
| control field |
20260320141716.0 |
| 008 - FIXED-LENGTH DATA ELEMENTS--GENERAL INFORMATION |
| fixed length control field |
030409m1994 ai c|||gr|||||000|0darm|d |
| 020 ## - INTERNATIONAL STANDARD BOOK NUMBER |
| International Standard Book Number |
99941-33-33-0 (Գիրք 13-րդ) |
| 020 ## - INTERNATIONAL STANDARD BOOK NUMBER |
| International Standard Book Number |
99941-33-32-2 (Գիրք 14-րդ) |
| 020 ## - INTERNATIONAL STANDARD BOOK NUMBER |
| International Standard Book Number |
978-99941-33-46-8 (Գիրք 15-րդ) |
| 020 ## - INTERNATIONAL STANDARD BOOK NUMBER |
| International Standard Book Number |
99941-910-4-7 (Գիրք 16-րդ) |
| 020 ## - INTERNATIONAL STANDARD BOOK NUMBER |
| International Standard Book Number |
978-99941-33-54-3 [Գիրք 16-րդ, 2] |
| 020 ## - INTERNATIONAL STANDARD BOOK NUMBER |
| International Standard Book Number |
9789939592206 [Գիրք 17-րդ] |
| 040 ## - CATALOGING SOURCE |
| Original cataloging agency |
AM-YeHGA |
| 041 0# - LANGUAGE CODE |
| Language code of text/sound track or separate title |
arm |
| 245 00 - TITLE STATEMENT |
| Title |
Վավերագրեր հայ եկեղեցու պատմության (1921-1938 թթ.) / |
| Statement of responsibility, etc. |
Կազմ.՝ Ս. Բէհբուդեան ; Խմբ.՝ Ա. Մադոյեան; Հայաստանի Հանրապետության կառավարությանն առընթեր արխիվային գործի վարչություն. |
| Remainder of title |
|
| 260 ## - PUBLICATION, DISTRIBUTION, ETC. |
| Place of publication, distribution, etc. |
Երևան : |
| Name of publisher, distributor, etc. |
Մայր Աթոռ Սուրբ Էջմիածին, |
| Date of publication, distribution, etc. |
1994- |
| 300 ## - PHYSICAL DESCRIPTION |
| Extent |
գիրք ; |
| Dimensions |
27 սմ. |
| 505 10 - FORMATTED CONTENTS NOTE |
| Miscellaneous information |
Գ. Բ (1996; 623 էջ) |
| -- |
Գ․ Գ. (1997; 694 էջ) |
| 505 10 - FORMATTED CONTENTS NOTE |
| Miscellaneous information |
Գ․ Դ (4-րդ), (1997, 590 էջ) : |
| Title |
Սահակ Խապայեան կաթողիկոս Կիլիկիոյ 1891-1940 թթ. ; |
| 505 10 - FORMATTED CONTENTS NOTE |
| Miscellaneous information |
Գ․ Ե (5-րդ), (1999, 560 էջ) : |
| Title |
Մայր աթոռ Ս. Էջմիածինը առաջին հանրապետության տարիներին (1918-1920 թթ.) ; |
| Miscellaneous information |
Գ․ Զ (Ոսկան Երևանցի, 1999, 936 էջ) ; |
| 505 10 - FORMATTED CONTENTS NOTE |
| Miscellaneous information |
Գ․ Է (7-րդ) (2000, 708 էջ) : |
| Title |
Խրիմեան Հայրիկը եւ ցարական բռնապետութիւնը (1903-1907 թթ.) ; |
| 505 10 - FORMATTED CONTENTS NOTE |
| Miscellaneous information |
Գ․ Ը (8-րդ) (Հայաստան, 2001, 972 էջ) : |
| Title |
Մատթէոս Բ Իզմիրլեան Կաթողիկոս Ամենայն Հայոց ; |
| 505 10 - FORMATTED CONTENTS NOTE |
| Miscellaneous information |
Գ․ Ժ (10-րդ) (2002, 832 էջ) : |
| Title |
Նվիրված է Ներսէս Արքեպիսկոպոս Վարժապետեան Կոստանդնուպոլսի Հայոց Պատրիարքին (1837-1884) ; |
| 505 10 - FORMATTED CONTENTS NOTE |
| Miscellaneous information |
Գ․ ԺԱ (11-րդ) (2004, Մուղնի, 1024 էջ) ։ |
| Title |
Գեւորգ Դ Կոստանդնուպոլսեցի Քերեստեճեան Կաթողիկոս Ամենայն Հայոց (1866-1882) ; |
| 505 10 - FORMATTED CONTENTS NOTE |
| Miscellaneous information |
Գ․ ԺԳ (13-րդ) (2005, Մուղնի, 712 էջ) : |
| Title |
Գէորգ Ե Վշտալի Սուրէնեանց Կաթողիկոս Ամենայն Հայոց (1847-1930); (Փաստաթղթերի եւ նիւթերի ցանկ, էջ՝ 677-710) / |
| Statement of responsibility |
Կազմ.՝ Ս. Բէհբուդեան : |
| 505 10 - FORMATTED CONTENTS NOTE |
| Miscellaneous information |
Գ․ ԺԴ (14-րդ) (2006, Մուղնի, 498 էջ, 1 թ. դիմանկ.) : |
| Title |
Տ.Տ. Մակար Ա. Թեղուտցի Տէր-Պետրոսեան Կաթողիկոս Ամենայն Հայոց (1884-1891) / |
| Statement of responsibility |
Առաջաբ.՝ Ա. Մադոյեան; Կազմ.՝ Ս. Բէհբուդեան; Խմբ.՝ Ա. Մադոյեան ; |
| 505 10 - FORMATTED CONTENTS NOTE |
| Miscellaneous information |
Գ․ ԺԵ (15-րդ) (2007, Մուղնի, 872 էջ, 1 թ. դիմանկ.) : |
| Title |
Մաղաքիա Արքեպիսկոպոս Օրմանեան Կոստանդնուպոլսի պատրիարք (1896-1908) / |
| Statement of responsibility |
Կազմ.՝ Ս. Բէհբուդեան ; |
| 505 10 - FORMATTED CONTENTS NOTE |
| Miscellaneous information |
Գիրք ԺԶ (16-րդ) (2006, 574 էջ) : |
| Title |
Կարապետ Եպիսկոպոս Տէր-Մկրտչեան (1866-1915) / |
| Statement of responsibility |
Կազմ.՝ Գ. Ավագեան ; |
| 505 10 - FORMATTED CONTENTS NOTE |
| Miscellaneous information |
Գիրք[ ԺԶ, 2 (16-րդ, 2)] (2008, 1375 էջ) ։ |
| Title |
Վազգեն Ա Պալճեան ամենայն հայոց կաթողիկոս (1908-1994) / |
| Statement of responsibility |
Կազմ., խմբ., թարգմ. ռուս.՝ Գ. Եազըճեան ; |
| 505 10 - FORMATTED CONTENTS NOTE |
| Miscellaneous information |
Գ․ ԺԷ (17-րդ).- Էջմիածին, Մայր Աթոռ Սուրբ Էջմիածին (2018, 528 էջ) ։ |
| Title |
Գեւորգեան ճեմարան, թանգարան, «Արարատ» ամսագիր / |
| Statement of responsibility |
Կազմ․՝ Գ. Աւագեան; Խմբ․՝ Ա. Վիրաբեան ; |
| 505 10 - FORMATTED CONTENTS NOTE |
| Miscellaneous information |
Գ. ԻԱ (2019 : 280 էջ) : |
| Title |
Տ․ Կոմիտաս վարդապետ Սողոմոնյան (1869-1935) |
| 600 04 - SUBJECT ADDED ENTRY--PERSONAL NAME |
| Personal name |
Ներսէս Արքեպիսկոպոս Վարժապետեան Կոստանդնուպոլսի Հայոց Պատրիարք |
| Dates associated with a name |
(1837-1884) |
| 600 04 - SUBJECT ADDED ENTRY--PERSONAL NAME |
| Personal name |
Գեւորգ Դ Կոստանդնուպոլսեցի Քերեստեճեան Կաթողիկոս Ամենայն Հայոց |
| Dates associated with a name |
(1866-1882) |
| 600 04 - SUBJECT ADDED ENTRY--PERSONAL NAME |
| Personal name |
Գէորգ Ե Վշտալի Սուրէնեանց Կաթողիկոս Ամենայն Հայոց |
| Dates associated with a name |
(1847-1930) |
| 600 04 - SUBJECT ADDED ENTRY--PERSONAL NAME |
| Personal name |
Տ.Տ. Մակար Ա. Թեղուտցի Տէր-Պետրոսեան Կաթողիկոս Ամենայն Հայ |
| Dates associated with a name |
(1884-1891) |
| 600 04 - SUBJECT ADDED ENTRY--PERSONAL NAME |
| Personal name |
Կարապետ եպիսկոպոս Տէր-Մկրտչեան (1866-1915) |
| 600 14 - SUBJECT ADDED ENTRY--PERSONAL NAME |
| Personal name |
Օրմանյան, Մաղաքիա |
| Titles and other words associated with a name |
արքեպիսկոպոս, |
| Dates associated with a name |
1841-1918 |
| 9 (RLIN) |
1548 |
| 650 14 - SUBJECT ADDED ENTRY--TOPICAL TERM |
| Topical term or geographic name entry element |
Հայ յեղափոխական դաշնակցութիւն |
| 700 1# - ADDED ENTRY--PERSONAL NAME |
| Personal name |
Բեհբուդյան, Սանդրո Արտաշեսի, |
| Dates associated with a name |
1934-2004 |
| Relator term |
կազմող |
| Relationship |
com |
| 9 (RLIN) |
1974 |
| 700 1# - ADDED ENTRY--PERSONAL NAME |
| Personal name |
Մադոյան, Արշակ Գևորգի, |
| Titles and other words associated with a name |
հայագետ, |
| Dates associated with a name |
1938- |
| Relator term |
խմբագիր |
| -- |
առաջաբանի հեղինակ |
| Relationship |
edt |
| -- |
aui |
| 700 1# - ADDED ENTRY--PERSONAL NAME |
| Personal name |
Աւագեան, Գոհար |
| Relator term |
կազմ. |
| Relationship |
com |
| 700 1# - ADDED ENTRY--PERSONAL NAME |
| Personal name |
Վիրաբեան, Ամատունի |
| Relator term |
խմբ. |
| Relationship |
edt |
| 710 2# - ADDED ENTRY--CORPORATE NAME |
| Corporate name or jurisdiction name as entry element |
Հայաստանի ազգային արխիվ |
| 9 (RLIN) |
5822 |
| 942 ## - ADDED ENTRY ELEMENTS (KOHA) |
| Source of classification or shelving scheme |
Universal Decimal Classification |
| Koha item type |
Գրքեր / Books |